Quantitative ethnobotany of a restinga forest fragment in Rio de Janeiro, Brazil (Registro n. 328509)
[ somente texto ]
| 000 -LÍDER | |
|---|---|
| fixed length control field | 03743nab a2200289 i 4500 |
| 003 - CÓDIGO MARC DA AGÊNCIA CATALOGADORA | |
| Campo de controle | BR-BrBNA |
| 005 - DATA E HORA DA ÚLTIMA ATUALIZAÇÃO | |
| Campo de controle | 20241108090828.0 |
| 008 - CAMPO DE TAMANHO FIXO | |
| fixed length control field | 241108b2009 bl.qr|pooa||| 00| 0 eng | |
| 040 ## - FONTE DA CATALOGAÇÃO | |
| Agência catalogadora | BR-BrBNA |
| Idioma da catalogação | eng |
| 072 ## - CATEGORIA AGRIS | |
| Código AGRIS | F70 |
| 100 ## - ENTRADA PRINCIPAL - NOME PESSOAL | |
| Nome pessoal | Fonseca-Kruel, Viviane Stern da |
| 100 ## - ENTRADA PRINCIPAL - NOME PESSOAL | |
| Nome pessoal | Araujo, Dorothy Sue Dunn de |
| 100 ## - ENTRADA PRINCIPAL - NOME PESSOAL | |
| Nome pessoal | Sá, Cyl Farney Catarino de |
| 100 ## - ENTRADA PRINCIPAL - NOME PESSOAL | |
| Nome pessoal | Peixoto, Ariane Luna |
| 245 ## - TÍTULO PRINCIPAL | |
| Título principal | Quantitative ethnobotany of a restinga forest fragment in Rio de Janeiro, Brazil |
| 500 ## - NOTA GERAL | |
| Nota geral | Publicação on-line; Bibliography p. 199-202 (70 ref.); 3 tables; 1 illus.; Summaries (En, Pt) |
| 942 ## - ADDED ENTRY ELEMENTS (KOHA) | |
| Koha item type | Analítica |
| 520 ## - NOTA DE RESUMO | |
| Nota de conteúdo | <br/><br/>ABSTRACT<br/><br/>(Quantitative ethnobotany of a restinga forest fragment in Rio de Janeiro, Brazil) An ethnobotanical study was<br/>carried out in the local fishing community of Arraial do Cabo Municipality, starting with an inventory of a<br/>restinga forest remnant adjacent to the community being studied. Using quantitative ethnobotany methodology<br/>allied with ecological parameters (frequency, density, dominance and their relative values, importance value<br/>index), we sampled 296 individuals and identified 41 species in 26 families and 36 genera. The highest use value<br/>(U.V.) was attributed to Schinus terebinthifolius Raddi. Based on these data we interviewed local fishermen<br/>regarding useful species. We used structured interviews and quantitative analysis based on informant consensus.<br/>The 22 different types of usage mentioned were placed in five categories: food, medicine, technology,<br/>construction and firewood. Selective extraction of wood for construction, firewood and boat repair were the<br/>most important use values, involving 46% of the species, 57% of the families and 80% of the individuals.<br/><br/>Key words: fishing colony, ecological ethnobotany, vegetation structure, restinga, extractivist reserve |
| 520 ## - NOTA DE RESUMO | |
| Nota de conteúdo | <br/>RESUMO<br/><br/>(Etnobotânica quantitativa de um fragmento de floresta de restinga no Rio de Janeiro, Brasil) Um estudo<br/>etnobotânico foi feito na comunidade de pescadores artesanais do município de Arraial do Cabo, começando<br/>com o inventário de espécies, desenvolvido em um remanescente de floresta de restinga próximo à comunidade<br/>estudada. Usando uma metodologia quantitativa em Etnobotânica, aliada a parâmetros ecológicos (freqüência,<br/>densidade, dominância e seus valores relativos, e índice de valor de importância), os seguintes resultados<br/>foram obtidos: 296 indivíduos foram inventariados e 41 espécies identificadas, distribuídas em 26 famílias e 36<br/>gêneros. O maior valor de uso (V.U.) foi atribuído a Schinus terebinthifolius Raddi. A partir destes dados,<br/>foram realizadas entrevistas estruturadas, e análises quantitativas, baseadas no consenso entre os informantes<br/>(pescadores locais) para buscar indicação sobre as espécies úteis. Os 22 diferentes tipos de uso mencionados<br/>foram distribuídos em cinco categorias: alimentar, medicinal, tecnologia, construção e combustível. Os valores<br/>de uso mais expressivos, envolvendo 46% das espécies, 57% das famílias e 80% dos indivíduos, foram<br/>relativos à extração seletiva de madeira para construção, lenha e reparo de barcos.<br/><br/>Palavras-chave: pescadores artesanais, etnobotânica ecológica, fitossociologia, restinga, reserva extrativista. |
| 650 ## - ASSUNTO - THESAGRO | |
| Cabeçalho tópico ou nome geográfico | PESCADOR |
| 650 ## - ASSUNTO - THESAGRO | |
| Cabeçalho tópico ou nome geográfico | ETNOBOTÂNICA |
| 650 ## - ASSUNTO - THESAGRO | |
| Cabeçalho tópico ou nome geográfico | RESTINGA |
| 650 ## - ASSUNTO - THESAGRO | |
| Cabeçalho tópico ou nome geográfico | RESERVA EXTRATIVISTA |
| 773 0# - ENTRADA ANALÍTICA | |
| Host Biblionumber | 709 |
| Registro do item | 346098 |
| Imprenta | Rio de Janeiro-RJ Jardim Botanico do Rio de Janeiro 1935 |
| Outro identificador | 2024-6745 |
| Título | Rodriguésia (Brazil) |
| ISSN | 0370-6583; 2175-7860 on-line |
| Colação | v. 60(1) p. 187-202; (2009) |
| Número de controle de registro | BR2024003341 |
| 856 ## - ACESSO E ENDEREÇO ELETRÔNICO | |
| Identificador uniforme de recurso - URI | https://www.scielo.br/j/rod/a/xkSqfY7v9Bt5LbKW49dC7Jw/?format=pdf&lang=en |
Nenhum exemplar disponível.

BINAGRI